Избрани песни за глас и пиано (Запис номер 351539)
[ съкратено ]
| 000 -Лидер | |
|---|---|
| Контролно поле с фиксирана дължина | 01759ncm a2200289 a 4500 |
| 003 - Код на организацията, давaща контролен номер | |
| Контролно поле | BLK |
| 005 - Дата и час на последна редакция | |
| Контролно поле | 20230802005159.0 |
| 008 - Елементи от данни с фиксирана дължина | |
| fixed length control field | 200325b bu ||||| |||| 00| 0 bu d |
| 040 ## - Източник на каталожния запис | |
| Идентификатор на билиотеката - собственик на записа | BLK |
| 041 ## - Код за език | |
| Код за езика на текст/звукозапис или на отделно заглавие | Български |
| Код за езика КДБФ | Български |
| 080 ## - УДК | |
| Текстов определител УДК | Камерна вок. муз. Песни, балади, арии, романси |
| УДК код - определител по УДК | 784.3 |
| УДК - код + определител | 784.3 |
| 080 ## - УДК | |
| Текстов определител УДК | Музика за пиано |
| УДК код - определител по УДК | 786.2 |
| УДК определител | 786.2 |
| 100 ## - Редна дума - Автор | |
| Автор | Пипков, Любомир Панайотов |
| Дати, свързани с автора | 1904-1974 |
| Авторска отговорност | първи автор |
| R(LIN) | 428881 |
| 139 ## - Редно поле | |
| Редна дума | Пипков, Любомир |
| Авторски знак | Пил - П 52 |
| 245 ## - Сведения за заглавието | |
| Заглавие | Избрани песни за глас и пиано |
| Редно поле (дума) | Любомир Пипков |
| 260 ## - Област на издателските данни | |
| 9 (RLIN) | 209548 |
| Място на издаване, разпространение и проч. | София |
| Име на издателя, разпространителя и проч. | Наука и изкуство |
| Година на издаване | 1970 |
| 300 ## - Физическа характеристика | |
| Страници | 120 с. |
| Размери/Мащаб | 31 см |
| 380 ## - Жанр | |
| Жанр | Изкуство |
| 500 ## - Общи забележки | |
| Забележка | Съдържа: Зимен сън ; Любовта на хамалина ; Воденичар ; Тракия ; Лека нощ ; Синеоката ; Унес ; На своята душа ; Романс на луната ; Малка балада за три реки ; Песен на поета, който не иска да се отчайва ; Дванадесета песен ; Конници ; Люлека ми замириса ; Трепетлика ; Морето и любовта ; Прощално ; Предсмъртно ; В далечината пуста ; Любимата ; Пред вагона ; Среща ; Горест ; Тежат ми венчалните думи |
| 650 #0 - Допълнително описание по предмет – тема | |
| 9 (RLIN) | 276897 |
| Основно описание – тема или топоним | Вокална музика |
| 653 #7 - Ключова дума – ненормативна | |
| 9 (RLIN) | 193730 |
| Ключова дума | пиано |
| 700 ## - Други автори (авторска отговорност) | |
| 9 (RLIN) | 1581 |
| Лично име | Радоев, Иван |
| Автороска отговорност (Описва отношението между автора и произведението) | текст |
| 852 ## - Местоположение | |
| Форматна сигнатура | Цб М II 5038 |
| Фондова буква | Отдел Изкуство - подръчен фонд |
| 999 ## - СИСТЕМНИ КОНТРОЛНИ НОМЕРА | |
| Koha biblionumber | 351539 |
| Koha biblioitemnumber | 351539 |
| 942 ## - АРТИКУЛИ | |
| Вид на библиотечния материал | Нотни издания |
| Скрит в OPAC | Не |
| Периодичен библиозапис | Да |
| 944 ## - СЪЗДАВАНЕ И РЕДАКЦИЯ на ЗАПИСА | |
| Дата на регистрацията/редакция | 2020-04-05 |
| Служител, извършил регистрацията/редакцията | |
| Статус, дата на статуса | CRON CRON |
| 999 ## - СИСТЕМНИ КОНТРОЛНИ НОМЕРА | |
| Koha biblioitemnumber | 351539 |
| Код за отписване | Код за изгубен артикул | Източник на класификационната схема | Код за повреда | Коз за рестрикции | Код за отдаване | Артикулен № | Име на библиотеката - собственик | Име на библиотеката, в която се намира в момента | Статус (Текущо местоположение) | Дата на вписване в системата | Местоположение - отдел | Цена в лева | Инвентарен номер | Систематично азбучна сигнатура | Баркод | Цена в евро | Служебен тип на артикула |
|---|---|---|---|---|---|---|---|---|---|---|---|---|---|---|---|---|---|
| Не е изгубен | Universal Decimal Classification | Не е повреден | без рестрикции | заемане за дома | 758817 | Регионална библиотека "Любен Каравелов" Русе | Регионална библиотека "Любен Каравелов" Русе | Отдел Изкуство - подръчен фонд | 2020-04-06 | Отдел Изкуство - подръчен фонд | 4.58 | 80494 | 784/П 52 Л | 120000080494 | 2.34 | Нотни издания | |
| Не е изгубен | Universal Decimal Classification | Не е повреден | само за читалня | заемане за дома | 758818 | Регионална библиотека "Любен Каравелов" Русе | Регионална библиотека "Любен Каравелов" Русе | Отдел Изкуство - подръчен фонд | 2020-04-06 | Отдел Изкуство - подръчен фонд | 4.58 | 80492 | 784/П 52 Л | 120000080492 | 2.34 | Нотни издания | |
| Не е изгубен | Universal Decimal Classification | Не е повреден | само за читалня | ползва се в читалня | 774600 | Регионална библиотека "Любен Каравелов" Русе | Регионална библиотека "Любен Каравелов" Русе | Хранилище | 2020-06-05 | Хранилище | 4.58 | 77710 | Цб М ІІ 5038 | 900000017445 | 2.34 | Нотни издания |